000
00239nam a22000977a 4500
008
260127b |||||||| |||| 00| 0 eng d
020
_a
9789350271858
100
_a
Aggarwal R S
245
_a
Mathematics-9
260
_a
New Delhi
_b
Bharati Bhawan
999
_c
12849
_d
12849